Galar Pokémon - Generation VIII - Statistics

General Stats
  • This quiz has been taken 146 times
    56 since last reset
  • The average score is 59 of 89
Answer Stats
Answer % Correct
Rillaboom
93%
Grookey
90%
Cinderace
88%
Scorbunny
88%
Zamazenta
88%
Corviknight
85%
Corvisquire
85%
Inteleon
85%
Sobble
85%
Zacian
85%
Orbeetle
83%
Raboot
83%
Rookidee
83%
Blipbug
80%
Eternatus
80%
Grimmsnarl
80%
Drizzile
78%
Impidimp
78%
Morgrem
78%
Thwackey
78%
Boltund
73%
Dottler
73%
Hatterene
73%
Obstagoon
73%
Yamper
73%
Dragapult
71%
Dreepy
71%
Dubwool
71%
Eldegoss
71%
Hatenna
71%
Hattrem
71%
Wooloo
71%
Centiskorch
68%
Drakloak
68%
Greedent
68%
Perrserker
68%
Sirfetch'd
68%
Spectrier
68%
Calyrex
66%
Carkol
66%
Coalossal
66%
Falinks
66%
Glastrier
66%
Gossifleur
66%
Kubfu
66%
Regidrago
66%
Regieleki
66%
Rolycoly
66%
Skwovet
66%
Urshifu
66%
Alcremie
63%
Chewtle
63%
Cursola
63%
Drednaw
63%
Mr. Rime
63%
Arctovish
61%
Arctozolt
61%
Copperajah
61%
Cramorant
61%
Dracozolt
61%
Grapploct
61%
Milcery
61%
Morpeko
61%
Nickit
61%
Applin
59%
Barraskewda
59%
Clobbopus
59%
Cufant
59%
Dracovish
59%
Duraludon
59%
Sizzlipede
59%
Thievul
59%
Zarude
59%
Appletun
56%
Arrokuda
56%
Eiscue
56%
Sinistea
56%
Stonjourner
56%
Flapple
54%
Snom
54%
Frosmoth
51%
Polteageist
51%
Runerigus
51%
Sandaconda
51%
Silicobra
51%
Toxel
49%
Indeedee
44%
Toxtricity
44%
Pincurchin
39%
No matching quizzes found
Score Distribution
Percent of People with Each Score
Percentile by Number Answered
Your Score History
You have not taken this quiz since the last reset